| 000 | 00494cam a2200145 4500500 | ||
|---|---|---|---|
| 005 | 20251228083129.0 | ||
| 041 | _afre | ||
| 042 | _adc | ||
| 100 | 1 | 0 |
_aKapp, Volker _eauthor |
| 245 | 0 | 0 | _aCritiques et modifications de l’exemplarité chez La Rochefoucauld |
| 260 | _c2015. | ||
| 500 | _a91 | ||
| 786 | 0 | _nDix-septième siècle | 267 | 2 | 2015-04-09 | p. 319-332 | 0012-4273 | |
| 856 | 4 | 1 | _uhttps://shs.cairn.info/revue-dix-septieme-siecle-2015-2-page-319?lang=fr&redirect-ssocas=7080 |
| 999 |
_c1600653 _d1600653 |
||